<?xml version="1.0" encoding="UTF-8"?>
<record
    xmlns:xsi="http://www.w3.org/2001/XMLSchema-instance"
    xsi:schemaLocation="http://www.loc.gov/MARC21/slim http://www.loc.gov/standards/marcxml/schema/MARC21slim.xsd"
    xmlns="http://www.loc.gov/MARC21/slim">

  <leader>01723cam a2200493 a 4500</leader>
  <datafield tag="999" ind1=" " ind2=" ">
    <subfield code="c">23925</subfield>
    <subfield code="d">23925</subfield>
  </datafield>
  <controlfield tag="001">vtls010326529</controlfield>
  <controlfield tag="005">20250924105730.0</controlfield>
  <controlfield tag="008">240314s2012    xr ba  g      001 0 slo  </controlfield>
  <datafield tag="020" ind1=" " ind2=" ">
    <subfield code="a">9788073609863</subfield>
    <subfield code="q">(bro&#x17E;.)</subfield>
  </datafield>
  <datafield tag="035" ind1=" " ind2=" ">
    <subfield code="a">urn:nbn:sk:snk-am00a05g</subfield>
  </datafield>
  <datafield tag="035" ind1=" " ind2=" ">
    <subfield code="a">urn:nbn:sk:snk-am3hbvs</subfield>
  </datafield>
  <datafield tag="035" ind1=" " ind2=" ">
    <subfield code="a">2F2FBBA0-0C1A-46E9-A1B7-EB43CCF7CC1C</subfield>
  </datafield>
  <datafield tag="040" ind1=" " ind2=" ">
    <subfield code="a">SVKBB</subfield>
    <subfield code="b">slo</subfield>
    <subfield code="c">SVKBB</subfield>
    <subfield code="d">SNK</subfield>
    <subfield code="e">AACR2</subfield>
  </datafield>
  <datafield tag="041" ind1="1" ind2=" ">
    <subfield code="a">slo</subfield>
    <subfield code="b">eng</subfield>
  </datafield>
  <datafield tag="044" ind1=" " ind2=" ">
    <subfield code="a">xr</subfield>
    <subfield code="c">CZ</subfield>
  </datafield>
  <datafield tag="072" ind1=" " ind2="7">
    <subfield code="a">355/359</subfield>
    <subfield code="x">Vojenstvo. Obrana krajiny. Ozbrojen&#xE9; sily</subfield>
    <subfield code="2">konspekt</subfield>
  </datafield>
  <datafield tag="072" ind1=" " ind2="7">
    <subfield code="a">94(437)</subfield>
    <subfield code="x">Dejiny &#x10C;eska a Slovenska</subfield>
    <subfield code="2">konspekt</subfield>
  </datafield>
  <datafield tag="080" ind1=" " ind2=" ">
    <subfield code="a">355.4(091)</subfield>
    <subfield code="2">2001</subfield>
  </datafield>
  <datafield tag="080" ind1=" " ind2=" ">
    <subfield code="a">355.081</subfield>
    <subfield code="2">2001</subfield>
  </datafield>
  <datafield tag="080" ind1=" " ind2=" ">
    <subfield code="a">94(437.6)</subfield>
    <subfield code="2">2001</subfield>
  </datafield>
  <datafield tag="080" ind1=" " ind2=" ">
    <subfield code="a">(437.6)</subfield>
    <subfield code="2">2001</subfield>
  </datafield>
  <datafield tag="080" ind1=" " ind2=" ">
    <subfield code="a">(048.8)</subfield>
    <subfield code="2">2001</subfield>
  </datafield>
  <datafield tag="100" ind1="1" ind2=" ">
    <subfield code="a">Dangl, Vojtech,</subfield>
    <subfield code="d">1937-2018</subfield>
    <subfield code="4">aut</subfield>
    <subfield code="9">4816</subfield>
  </datafield>
  <datafield tag="245" ind1="1" ind2="0">
    <subfield code="a">Vojvodcovia</subfield>
    <subfield code="b">111 osobnost&#xED; vojensk&#xFD;ch dej&#xED;n Slovenska</subfield>
    <subfield code="c">Vojtech Dangl, Vladim&#xED;r Sege&#x161; ; [register Martina Ko&#x10D;&#xED;]</subfield>
  </datafield>
  <datafield tag="246" ind1="3" ind2="0">
    <subfield code="a">111 osobnost&#xED; vojensk&#xFD;ch dej&#xED;n Slovenska</subfield>
  </datafield>
  <datafield tag="246" ind1="3" ind2="0">
    <subfield code="a">Sto jedn&#xE1;s&#x165; osobnost&#xED; vojensk&#xFD;ch dej&#xED;n Slovenska</subfield>
  </datafield>
  <datafield tag="260" ind1=" " ind2=" ">
    <subfield code="a">Praha</subfield>
    <subfield code="b">Ottovo nakladatelstv&#xED;</subfield>
    <subfield code="c">2012</subfield>
  </datafield>
  <datafield tag="300" ind1=" " ind2=" ">
    <subfield code="a">472 s.</subfield>
    <subfield code="b">ilustr.</subfield>
    <subfield code="c">24 cm</subfield>
  </datafield>
  <datafield tag="650" ind1="0" ind2="7">
    <subfield code="a">vojensk&#xE9; dejiny</subfield>
    <subfield code="2">SNKPH</subfield>
    <subfield code="9">4817</subfield>
  </datafield>
  <datafield tag="650" ind1="0" ind2="7">
    <subfield code="a">vojvodcovia</subfield>
    <subfield code="2">SNKPH</subfield>
    <subfield code="9">4818</subfield>
  </datafield>
  <datafield tag="650" ind1="0" ind2="7">
    <subfield code="a">Military history</subfield>
    <subfield code="2">SNKPHeng</subfield>
    <subfield code="9">4819</subfield>
  </datafield>
  <datafield tag="650" ind1="0" ind2="7">
    <subfield code="a">Military leaders</subfield>
    <subfield code="2">SNKPHeng</subfield>
    <subfield code="9">4820</subfield>
  </datafield>
  <datafield tag="651" ind1=" " ind2="7">
    <subfield code="a">Slovensko</subfield>
    <subfield code="2">SNKPH</subfield>
    <subfield code="9">1613</subfield>
  </datafield>
  <datafield tag="651" ind1=" " ind2="7">
    <subfield code="a">Slovakia</subfield>
    <subfield code="2">SNKPHeng</subfield>
    <subfield code="9">1614</subfield>
  </datafield>
  <datafield tag="655" ind1=" " ind2="7">
    <subfield code="a">monografie</subfield>
    <subfield code="2">SNKPH</subfield>
    <subfield code="9">1661</subfield>
  </datafield>
  <datafield tag="655" ind1=" " ind2="7">
    <subfield code="a">Monographs</subfield>
    <subfield code="2">SNKPHeng</subfield>
    <subfield code="9">1662</subfield>
  </datafield>
  <datafield tag="700" ind1="1" ind2=" ">
    <subfield code="a">Sege&#x161;, Vladim&#xED;r,</subfield>
    <subfield code="d">1950-</subfield>
    <subfield code="4">aut</subfield>
    <subfield code="9">4821</subfield>
  </datafield>
  <datafield tag="700" ind1="1" ind2=" ">
    <subfield code="a">Ko&#x10D;&#xED;, Martina,</subfield>
    <subfield code="d">1979-</subfield>
    <subfield code="4">oth</subfield>
    <subfield code="9">4822</subfield>
  </datafield>
  <datafield tag="958" ind1=" " ind2=" ">
    <subfield code="a">ZS</subfield>
  </datafield>
  <datafield tag="958" ind1=" " ind2=" ">
    <subfield code="a">CZ</subfield>
  </datafield>
  <datafield tag="958" ind1=" " ind2=" ">
    <subfield code="a">NB</subfield>
  </datafield>
  <datafield tag="958" ind1=" " ind2=" ">
    <subfield code="a">BX</subfield>
  </datafield>
  <datafield tag="952" ind1=" " ind2=" ">
    <subfield code="0">0</subfield>
    <subfield code="1">0</subfield>
    <subfield code="2">udc</subfield>
    <subfield code="4">0</subfield>
    <subfield code="7">0</subfield>
    <subfield code="8">D</subfield>
    <subfield code="a">10000</subfield>
    <subfield code="b">10000</subfield>
    <subfield code="d">2025-09-24</subfield>
    <subfield code="i">22281</subfield>
    <subfield code="o">S1579</subfield>
    <subfield code="p">S1579</subfield>
    <subfield code="r">2025-09-24</subfield>
    <subfield code="w">2025-09-24</subfield>
    <subfield code="y">OLDO</subfield>
  </datafield>
</record>
